000 00611nam a2200229 a 4500
001 BRL_728
005 20190320210853.0
008 300913s1973----enko######---#000-0#eng-#
020 _a0330236474
041 _aeng
044 _aenk
050 4 _aPZ7
_b.B33 1973
100 1 _aBach, Richard
_924772
245 1 0 _aJonathan livingston seagull
_cRichard Bach ; photographs by Russell Munson.
260 _aLondon
_bPan Books
_c1973
300 _a93 p.
_bil.
_c22 cm.
500 _aAu788
650 1 4 _aLiteratura fantástica
_924341
700 1 _aMunson, Russell
_eil.
_924773
902 _aGRL
942 _2lcc
_cB
999 _c9540
_d9540